European Union Countries Bordering Only the EU Countries - Statistics

General Stats
  • This quiz has been taken 1,476 times
    765 since last reset
  • The average score is 6 of 7
Answer Stats
Answer % Correct
Belgium
91%
Portugal
91%
Netherlands
90%
Denmark
88%
Luxembourg
88%
Czech Republic
86%
Slovenia
80%
No matching quizzes found
Score Distribution
Percent of People with Each Score
Percentile by Number Answered
Your Score History
You have not taken this quiz since the last reset